[Event "Piestany op-B"]
[Site "Piestany"]
[Date "2023.07.13"]
[Round "3"]
[White "Hritz, Andrej"]
[Black "Daniska, Jozef"]
[Result "0-1"]
[WhiteElo "1000"]
[BlackElo "1264"]
[PlyCount "118"]
[EventDate "2023.07.11"]
[EventType "swiss"]
[EventRounds "9"]
[EventCountry "SVK"]
[SourceTitle "EXT 2024"]
[Source "ChessBase"]
[SourceDate "2023.10.10"]
[SourceVersion "1"]
[SourceVersionDate "2023.10.10"]
[SourceQuality "1"]

1. d4 d5 2. c4 c6 3. Nf3 Nf6 4. Nc3 h6 5. e3 e6 6. Bd3 Be7 7. 0-0 0-0 8. Re1 Re8 9. e4 dxe4 10. Nxe4 Nxe4 11. Rxe4 Nd7 12. Rg4 h5 13. Rg3 h4 14. Rg4 Nf8 15. Ne5 f5 16. Rf4 Bg5 17. Rf3 Bxc1 18. Qxc1 Qxd4 19. Qc3 Qxc3 20. bxc3 c5 21. Rd1 Rd8 22. h3 Rd6 23. g4 hxg3 24. Rxg3 b6 25. h4 Bb7 26. h5 Be4 27. Kf1 Rad8 28. Ke2 Bxd3+ 29. Rgxd3 Rxd3 30. Rxd3 Rxd3 31. Kxd3 a6 32. a4 Kh7 33. Nf7 g6 34. hxg6+ Kxg6 35. Nd6 Nd7 36. f4 Kh5 37. Ke3 Kg4 38. Nc8 Kg3 39. Nd6 Kg4 40. Nc8 Kg3 41. Nd6 e5 42. fxe5 f4+ 43. Ke4 f3 44. e6 Nf6+ 45. Ke5 Ng4+ 46. Kd5 f2 47. e7 f1Q 48. Ne4+ Kh4 49. e8Q Qf5+ 50. Kc6 Ne5+ 51. Kd6 Nxc4+ 52. Kc7 Qf4+ 53. Kd8 Qb8+ 54. Kd7 Ne5+ 55. Ke7 Qb7+ 56. Kf8 Qxe4 57. Qd8+ Kg4 58. Qd1+ Qf3+ 59. Qxf3+ Kxf3 0-1